Skórkarta - jednoduchý nástroj, který šetří peníze

Vysvetlenie pojmu skórkarta. Výhody a nevýhody jej používania oproti tradičnému prístupu. Implementácia skórkarty.

Gespeichert in:
Bibliographische Detailangaben
1. Verfasser: Rusková, Monika
Format: Buchkapitel
Sprache:Tschechisch
Schlagworte:
Tags: Tag hinzufügen
Keine Tags, Fügen Sie das erste Tag hinzu!

MARC

LEADER 00000naa a2200000 4500
001 0258517
005 20221104110606.3
041 0 |a cze 
044 |a CZ 
245 1 0 |a Skórkarta - jednoduchý nástroj, který šetří peníze  |c Monika Rusková 
520 |a Vysvetlenie pojmu skórkarta. Výhody a nevýhody jej používania oproti tradičnému prístupu. Implementácia skórkarty. 
610 2 0 |a riziko 
610 2 0 |a záväzky podniku 
610 2 0 |a rozhodovanie 
610 2 0 |a technológie nové 
100 1 |a Rusková, Monika